[Event "HUN-chT2 Toth 1819"]
[Site "Hungary"]
[Date "2019.03.31"]
[Round "10.6"]
[White "Biro, Istvan1111"]
[Black "Blazsik, Zoltan"]
[Result "1-0"]
[WhiteElo "1942"]
[BlackElo "1747"]
[PlyCount "63"]
[EventDate "2018.09.23"]
[EventType "team-tourn"]
[EventRounds "11"]
[EventCountry "HUN"]
[SourceTitle "EXT 2021"]
[Source "ChessBase"]
[SourceDate "2020.10.23"]
[SourceVersion "1"]
[SourceVersionDate "2020.10.23"]
[SourceQuality "1"]
[WhiteTeam "Oroshaza"]
[BlackTeam "Szeged Maroczy III"]
[WhiteTeamCountry "HUN"]
[BlackTeamCountry "HUN"]

1. e4 e6 2. d4 d5 3. Nc3 Bb4 4. exd5 exd5 5. Bd3 Nc6 6. Nf3 Bg4 7. Be3 Nf6 8. h3 Bh5 9. 0-0 Qd7 10. a3 Bxc3 11. bxc3 Ne4 12. c4 0-0-0 13. cxd5 Qxd5 14. c4 Qf5 15. g4 Bxg4 16. Nh4 Bxd1 17. Nxf5 Bf3 18. Nh4 Nxd4 19. Rae1 Rhe8 20. Bxd4 Rxd4 21. Re3 Bh5 22. Rfe1 g5 23. Nf5 Rxd3 24. Rxd3 Bg6 25. Ng3 f5 26. Nxe4 fxe4 27. Rd5 h6 28. Re3 c6 29. Rd6 Bf5 30. Rxh6 Kc7 31. f3 Rd8 32. fxe4 1-0

[Event "HUN-chT2 Toth 1819"]
[Site "Hungary"]
[Date "2019.01.27"]
[Round "6.8"]
[White "Blazsik, Zoltan"]
[Black "Brhlik, Gyorgy"]
[Result "1/2-1/2"]
[WhiteElo "1747"]
[BlackElo "1886"]
[PlyCount "53"]
[EventDate "2018.09.23"]
[EventType "team-tourn"]
[EventRounds "11"]
[EventCountry "HUN"]
[SourceTitle "EXT 2021"]
[Source "ChessBase"]
[SourceDate "2020.10.23"]
[SourceVersion "1"]
[SourceVersionDate "2020.10.23"]
[SourceQuality "1"]
[WhiteTeam "Szeged Maroczy III"]
[BlackTeam "Bekes"]
[WhiteTeamCountry "HUN"]
[BlackTeamCountry "HUN"]

1. c4 Nf6 2. Nc3 e5 3. g3 d5 4. cxd5 Nxd5 5. Qb3 Nb6 6. Bg2 c6 7. d3 Be6 8. Qc2 Bd6 9. Nf3 h6 10. e4 Na6 11. Be3 Nb4 12. Qe2 0-0 13. 0-0 Qe7 14. Rfd1 c5 15. a3 Nc6 16. Nb5 Rfc8 17. Nxd6 Qxd6 18. Rac1 Nd4 19. Nxd4 cxd4 20. Bd2 Qd7 21. f4 f6 22. Rf1 Rxc1 23. Bxc1 Bg4 24. Bf3 Bxf3 25. Qxf3 Qe6 26. Qh5 Nd7 27. Qe2 1/2-1/2

[Event "HUN-chT2 Toth 1617"]
[Site "Hungary"]
[Date "2017.04.09"]
[Round "11.9"]
[White "Blazsik, Zoltan"]
[Black "Kopias, Ferenc"]
[Result "1-0"]
[WhiteElo "1821"]
[BlackElo "1823"]
[PlyCount "117"]
[EventDate "2016.09.25"]
[EventType "team-tourn"]
[EventRounds "11"]
[EventCountry "HUN"]
[SourceTitle "EXT 2021"]
[Source "ChessBase"]
[SourceDate "2020.10.23"]
[SourceVersion "1"]
[SourceVersionDate "2020.10.23"]
[SourceQuality "1"]
[WhiteTeam "Szeged Maroczy II"]
[BlackTeam "Mako Duocor II"]
[WhiteTeamCountry "HUN"]
[BlackTeamCountry "HUN"]

1. e4 Nf6 2. e5 Nd5 3. d4 d6 4. c4 Nb6 5. f4 g6 6. Be3 Bg7 7. Nc3 0-0 8. Bd3 f6 9. c5 dxc5 10. dxc5 Nd5 11. Bc4 e6 12. Nxd5 exd5 13. Qxd5+ Kh8 14. Nf3 Qxd5 15. Bxd5 c6 16. Bc4 Re8 17. 0-0-0 Na6 18. Rd6 Bf8 19. Rxf6 Bxc5 20. Bxc5 Nxc5 21. Ng5 h6 22. Nf7+ Kg7 23. Nd6 Re7 24. b4 Nd7 25. Ne4 Nb6 26. Bb3 Bf5 27. Nd6 Rf8 28. Nxf5+ gxf5 29. Rxf8 Kxf8 30. Rd1 Kg7 31. Rd8 Rd7 32. Rxd7+ Nxd7 33. Be6 Nb6 34. a3 Kg6 35. Kc2 c5 36. Kc3 cxb4+ 37. axb4 Na8 38. Bd5 Nc7 39. Bxb7 Kh5 40. Bf3+ Kg6 41. Kc4 Kf7 42. g3 Ke7 43. Bb7 Kd7 44. Bg2 Ke6 45. Kc5 Kd7 46. Bh3 Ne6+ 47. Kc4 Ng7 48. Kb5 Kc7 49. Ka6 Kb8 50. b5 h5 51. Bg2 Ne6 52. Bf3 Nc5+ 53. Ka5 h4 54. gxh4 Ne6 55. h5 Nxf4 56. h6 Ng6 57. e6 Kc7 58. Ka6 Kd6 59. Kxa7 1-0

[Event "HUN-chT2 Toth 1617"]
[Site "Hungary"]
[Date "2017.03.12"]
[Round "10.7"]
[White "Pinczes, Gyula"]
[Black "Blazsik, Zoltan"]
[Result "1-0"]
[WhiteElo "1813"]
[BlackElo "1821"]
[PlyCount "67"]
[EventDate "2016.09.25"]
[EventType "team-tourn"]
[EventRounds "11"]
[EventCountry "HUN"]
[SourceTitle "EXT 2021"]
[Source "ChessBase"]
[SourceDate "2020.10.23"]
[SourceVersion "1"]
[SourceVersionDate "2020.10.23"]
[SourceQuality "1"]
[WhiteTeam "Nadudvar"]
[BlackTeam "Szeged Maroczy II"]
[WhiteTeamCountry "HUN"]
[BlackTeamCountry "HUN"]

1. d4 e6 2. c4 d5 3. e3 Nf6 4. Nc3 b6 5. a3 a5 6. Nf3 Bd6 7. Be2 0-0 8. 0-0 Bb7 9. Nd2 c6 10. Rb1 Qe7 11. f4 Na6 12. Qb3 Qc7 13. cxd5 exd5 14. Nf3 Rfe8 15. Ne5 Bxe5 16. fxe5 Nd7 17. Bd2 Rad8 18. Rbc1 Qb8 19. e4 c5 20. Bf4 Qa7 21. Nb5 Qa8 22. Nd6 Re6 23. Bg4 cxd4 24. Bxe6 fxe6 25. Bg5 Nac5 26. Qh3 Ba6 27. Bxd8 Bxf1 28. Rxf1 Qxd8 29. b4 Qe7 30. bxc5 Nxe5 31. exd5 bxc5 32. Qxe6+ Qxe6 33. dxe6 d3 34. e7 1-0

[Event "HUN-chT2 Toth 1617"]
[Site "Hungary"]
[Date "2017.01.29"]
[Round "7.7"]
[White "Olah, Bela Janos"]
[Black "Blazsik, Zoltan"]
[Result "1/2-1/2"]
[WhiteElo "1952"]
[BlackElo "1821"]
[PlyCount "85"]
[EventDate "2016.09.25"]
[EventType "team-tourn"]
[EventRounds "11"]
[EventCountry "HUN"]
[SourceTitle "EXT 2021"]
[Source "ChessBase"]
[SourceDate "2020.10.23"]
[SourceVersion "1"]
[SourceVersionDate "2020.10.23"]
[SourceQuality "1"]
[WhiteTeam "Bekes"]
[BlackTeam "Szeged Maroczy II"]
[WhiteTeamCountry "HUN"]
[BlackTeamCountry "HUN"]

1. d4 Nf6 2. Bf4 d6 3. e3 Bf5 4. Bd3 Bxd3 5. Qxd3 Nc6 6. d5 Nb8 7. Nf3 c6 8. dxc6 Nxc6 9. Nc3 Qa5 10. 0-0 Rc8 11. a3 g6 12. b4 Qd8 13. Rad1 Bg7 14. Nd5 Nxd5 15. Qxd5 0-0 16. c4 b6 17. Rfe1 a5 18. b5 Nb8 19. e4 Nd7 20. Be3 Qc7 21. Rc1 Nc5 22. Bxc5 Qxc5 23. a4 Bh6 24. Rc2 e6 25. Qxc5 Rxc5 26. Nd4 Rfc8 27. Nc6 Rc7 28. Rd1 Bf8 29. f4 f6 30. Kf1 Kf7 31. Ke2 h5 32. g3 e5 33. fxe5 fxe5 34. Rf1+ Kg7 35. Kd3 Rf7 36. Rxf7+ Kxf7 37. Rf2+ Kg8 38. Rf6 Kg7 39. Rf2 Kg8 40. h3 Kg7 41. Nd8 Rc8 42. Ne6+ Kg8 43. Rxf8+ 1/2-1/2

[Event "HUN-chT2 Toth 1617"]
[Site "Hungary"]
[Date "2016.12.11"]
[Round "6.4"]
[White "Karsai, Istvan"]
[Black "Blazsik, Zoltan"]
[Result "1/2-1/2"]
[WhiteElo "2045"]
[BlackElo "1821"]
[PlyCount "36"]
[EventDate "2016.09.25"]
[EventType "team-tourn"]
[EventRounds "11"]
[EventCountry "HUN"]
[SourceTitle "EXT 2021"]
[Source "ChessBase"]
[SourceDate "2020.10.23"]
[SourceVersion "1"]
[SourceVersionDate "2020.10.23"]
[SourceQuality "1"]
[WhiteTeam "Felegyhaza Csongrad"]
[BlackTeam "Szeged Maroczy II"]
[WhiteTeamCountry "HUN"]
[BlackTeamCountry "HUN"]

1. e4 e6 2. d4 d5 3. Nc3 Bb4 4. e5 Ne7 5. a3 Bxc3+ 6. bxc3 b6 7. g3 Ba6 8. Bg2 c5 9. Ne2 Nbc6 10. Be3 Rc8 11. 0-0 Qc7 12. Re1 Bxe2 13. Rxe2 c4 14. a4 0-0 15. Bc1 a6 16. Ba3 Rfe8 17. Re1 Ra8 18. Qd2 Qd7 1/2-1/2

[Event "HUN-chT2 Toth 1617"]
[Site "Hungary"]
[Date "2016.10.09"]
[Round "2.9"]
[White "Blazsik, Zoltan"]
[Black "Zsiros, Laszlo"]
[Result "1/2-1/2"]
[WhiteElo "1821"]
[BlackElo "1765"]
[PlyCount "83"]
[EventDate "2016.09.25"]
[EventType "team-tourn"]
[EventRounds "11"]
[EventCountry "HUN"]
[SourceTitle "EXT 2021"]
[Source "ChessBase"]
[SourceDate "2020.10.23"]
[SourceVersion "1"]
[SourceVersionDate "2020.10.23"]
[SourceQuality "1"]
[WhiteTeam "Szeged Maroczy II"]
[BlackTeam "Kecskemet Takisz"]
[WhiteTeamCountry "HUN"]
[BlackTeamCountry "HUN"]

1. e4 c5 2. Nf3 Nc6 3. c3 e5 4. d4 cxd4 5. cxd4 exd4 6. Nxd4 d5 7. Bb5 Bb4+ 8. Nc3 Nge7 9. 0-0 0-0 10. Bxc6 bxc6 11. exd5 cxd5 12. Bg5 h6 13. Bxe7 Bxe7 14. Nc6 Qd6 15. Nxe7+ Qxe7 16. Nxd5 Qb7 17. Qf3 Kh8 18. Qa3 Bd7 19. Ne3 Rfe8 20. Rac1 Be6 21. b3 a5 22. Qa4 Qe7 23. Rfe1 Red8 24. h3 Qg5 25. Kh2 Rd2 26. Qe4 Rad8 27. Rc2 Qf6 28. Re2 R2d4 29. Qc6 Qf4+ 30. Kg1 Rd1+ 31. Nf1 Qf5 32. Rcd2 Qb1 33. Rxd8+ Rxd8 34. Qc2 Qa1 35. Rd2 Rc8 36. Qb2 Qe1 37. Re2 Qd1 38. Rd2 Qe1 39. Re2 Qd1 40. Rd2 Qe1 41. Re2 Qd1 42. Rd2 1/2-1/2

[Event "HUN-chT2 Toth 1516"]
[Site "Hungary"]
[Date "2016.04.17"]
[Round "11.10"]
[White "Blazsik, Zoltan"]
[Black "Rab, Janos"]
[Result "0-1"]
[WhiteElo "1871"]
[BlackElo "1813"]
[PlyCount "74"]
[EventDate "2015.09.13"]
[EventType "team-tourn"]
[EventRounds "11"]
[EventCountry "HUN"]
[SourceTitle "EXT 2017"]
[Source "ChessBase"]
[SourceDate "2016.10.25"]
[SourceVersion "1"]
[SourceVersionDate "2016.10.25"]
[SourceQuality "1"]
[WhiteTeam "Maroczy II"]
[BlackTeam "Karcag"]
[WhiteTeamCountry "HUN"]
[BlackTeamCountry "HUN"]

1. d4 d5 2. Nf3 Nf6 3. Bf4 Bf5 4. h3 e6 5. Nbd2 h6 6. e3 Bd6 7. Ne5 0-0 8. g4 Be4 9. f3 Bh7 10. h4 Nfd7 11. g5 h5 12. e4 Bxe5 13. dxe5 Nc6 14. Qe2 Ncxe5 15. 0-0-0 Ng6 16. Be3 Ne7 17. Bh3 Bg6 18. Rhf1 a6 19. f4 dxe4 20. Nc4 Qe8 21. Qd2 Nd5 22. f5 Bh7 23. fxe6 fxe6 24. Rxf8+ Nxf8 25. Bc5 Ng6 26. Rf1 b6 27. Ba3 Rd8 28. Qh2 c5 29. b3 e5 30. Bf5 e3 31. Bxg6 Bxg6 32. Nxe5 Nc3 33. Nxg6 Qxg6 34. Re1 e2 35. Kb2 Rd2 36. Qb8+ Kh7 37. Rc1 e1Q 0-1

[Event "HUN-chT2 Toth 1516"]
[Site "Hungary"]
[Date "2016.03.20"]
[Round "9.5"]
[White "Udvardi, Zalan"]
[Black "Blazsik, Zoltan"]
[Result "1/2-1/2"]
[WhiteElo "1992"]
[BlackElo "1871"]
[PlyCount "69"]
[EventDate "2015.09.13"]
[EventType "team-tourn"]
[EventRounds "11"]
[EventCountry "HUN"]
[SourceTitle "EXT 2017"]
[Source "ChessBase"]
[SourceDate "2016.10.25"]
[SourceVersion "1"]
[SourceVersionDate "2016.10.25"]
[SourceQuality "1"]
[WhiteTeam "Szentes Integral"]
[BlackTeam "Maroczy II"]
[WhiteTeamCountry "HUN"]
[BlackTeamCountry "HUN"]

1. e4 e6 2. d4 d5 3. exd5 exd5 4. Bd3 Bd6 5. h3 Nf6 6. Nf3 0-0 7. 0-0 h6 8. Re1 Be6 9. Be3 Nbd7 10. Nbd2 b6 11. b3 c5 12. c4 Qc7 13. Rc1 Qb7 14. Nf1 Rad8 15. Qd2 Rfe8 16. Bf4 Bxf4 17. Qxf4 cxd4 18. Nxd4 Nc5 19. Bf5 dxc4 20. Nxe6 fxe6 21. Qxc4 Qf7 22. b4 exf5 23. Rxe8+ Rxe8 24. Qxf7+ Kxf7 25. bxc5 bxc5 26. Rxc5 f4 27. f3 a6 28. Kf2 Rb8 29. a4 Rb2+ 30. Kg1 Ra2 31. Ra5 g6 32. Rxa6 Nd5 33. a5 Ra1 34. Kf2 Ra2+ 35. Kg1 1/2-1/2

[Event "HUN-chT Csongrad Region"]
[Site "Hungary"]
[Date "2015.11.22"]
[Round "5.4"]
[White "Blazsik, Zoltan"]
[Black "Kovacs, Arthur"]
[Result "1/2-1/2"]
[WhiteElo "1868"]
[BlackElo "2006"]
[PlyCount "36"]
[EventDate "2015.09.20"]
[EventType "team-tourn"]
[EventRounds "9"]
[EventCountry "HUN"]
[SourceTitle "EXT 2017"]
[Source "ChessBase"]
[SourceDate "2016.10.25"]
[SourceVersion "1"]
[SourceVersionDate "2016.10.25"]
[SourceQuality "1"]

1. d4 d5 2. c4 e6 3. Nc3 Be7 4. Nf3 Nf6 5. e3 0-0 6. a3 c5 7. dxc5 Bxc5 8. b4 Be7 9. Bb2 dxc4 10. Bxc4 a6 11. 0-0 b5 12. Be2 Bb7 13. Rc1 Qxd1 14. Rfxd1 Rd8 15. a4 Nc6 16. axb5 axb5 17. Bxb5 Nxb4 18. Rxd8+ Rxd8 1/2-1/2

[Event "HUN-chT Csongrad Region"]
[Site "Hungary"]
[Date "2015.11.15"]
[Round "4.2"]
[White "Blazsik, Zoltan"]
[Black "Csipai, Levente"]
[Result "1/2-1/2"]
[WhiteElo "1868"]
[BlackElo "1896"]
[PlyCount "82"]
[EventDate "2015.09.20"]
[EventType "team-tourn"]
[EventRounds "9"]
[EventCountry "HUN"]
[SourceTitle "EXT 2017"]
[Source "ChessBase"]
[SourceDate "2016.10.25"]
[SourceVersion "1"]
[SourceVersionDate "2016.10.25"]
[SourceQuality "1"]

1. d4 d5 2. Nf3 Nf6 3. e3 e6 4. c4 Be7 5. a3 0-0 6. Qc2 c6 7. Nbd2 a5 8. b3 b6 9. Ne5 Bb7 10. Bb2 Nfd7 11. Bd3 h6 12. Nef3 c5 13. cxd5 exd5 14. 0-0 a4 15. bxa4 c4 16. Bh7+ Kh8 17. Bc3 g6 18. Bxg6 fxg6 19. Qxg6 Rf6 20. Qh5 Qg8 21. Ne5 Kh7 22. f4 Rf8 23. Rf3 Nxe5 24. dxe5 Qg6 25. Qxg6+ Kxg6 26. Rg3+ Kh7 27. Rb1 Bc6 28. Rxb6 Rxa4 29. e6 Rxa3 30. Rg7+ Kh8 31. Be5 Bf6 32. Rf7 Rxf7 33. Rxb8+ Kg7 34. exf7 Kxf7 35. Bxf6 Kxf6 36. Rb6 c3 37. Rxc6+ Ke7 38. Nf1 Kd7 39. Rc5 Kd6 40. Rc8 Kd7 41. Rc5 Kd6 1/2-1/2

[Event "HUN-chT Csongrad Region"]
[Site "Hungary"]
[Date "2015.09.27"]
[Round "2.1"]
[White "Blazsik, Zoltan"]
[Black "Tanacs, Anna"]
[Result "0-1"]
[WhiteElo "1868"]
[BlackElo "2025"]
[PlyCount "106"]
[EventDate "2015.09.20"]
[EventType "team-tourn"]
[EventRounds "9"]
[EventCountry "HUN"]
[SourceTitle "EXT 2017"]
[Source "ChessBase"]
[SourceDate "2016.10.25"]
[SourceVersion "1"]
[SourceVersionDate "2016.10.25"]
[SourceQuality "1"]

1. d4 Nf6 2. c4 e6 3. Nc3 Bb4 4. Qc2 0-0 5. e4 d5 6. e5 Ne4 7. Bd3 c5 8. Nf3 cxd4 9. Nxd4 dxc4 10. Bxe4 Qxd4 11. Bxh7+ Kh8 12. h4 Qxe5+ 13. Be3 Bc5 14. 0-0-0 Bxe3+ 15. fxe3 Qxe3+ 16. Kb1 Nc6 17. h5 Nd4 18. Qe4 Qxe4+ 19. Bxe4 e5 20. Bd5 Bf5+ 21. Kc1 Rab8 22. Bxc4 b5 23. Bd3 b4 24. Ne4 b3 25. axb3 Rxb3 26. Rhe1 Bg4 27. Rd2 Rb6 28. Kb1 Bf5 29. Ka2 Be6+ 30. Kb1 Bf5 31. Ka2 Be6+ 32. Kb1 Nb3 33. Rf2 Rd8 34. Bc2 Nd4 35. Rd2 Rdb8 36. Bd3 Bf5 37. Rf2 a5 38. Nc5 Bxd3+ 39. Nxd3 f6 40. Rc1 a4 41. Ka2 Nb3 42. Rc4 Rd6 43. Nb4 Rd1 44. Nc2 Nc1+ 45. Ka3 Nd3 46. Rf3 Ne1 47. Kxa4 Nxf3 48. gxf3 Rxb2 49. Ka3 Rdb1 50. Rc3 Rb8 51. Ka2 R1b5 52. Na3 Rb2+ 53. Ka1 R2b3 0-1

[Event "HUN-chT2 Toth 1516"]
[Site "Hungary"]
[Date "2015.09.13"]
[Round "1.10"]
[White "Blazsik, Zoltan"]
[Black "Papp, Zoltan"]
[Result "1-0"]
[WhiteElo "1871"]
[BlackElo "1844"]
[PlyCount "127"]
[EventDate "2015.09.13"]
[EventType "team-tourn"]
[EventRounds "11"]
[EventCountry "HUN"]
[SourceTitle "CBM 170 Extra"]
[Source "ChessBase"]
[SourceDate "2016.02.25"]
[SourceVersion "1"]
[SourceVersionDate "2016.02.25"]
[SourceQuality "1"]
[WhiteTeam "Maroczy II"]
[BlackTeam "Toth Laszlo II"]
[WhiteTeamCountry "HUN"]
[BlackTeamCountry "HUN"]

1. c4 c6 2. Nf3 d5 3. e3 Nf6 4. Nc3 Bf5 5. cxd5 cxd5 6. Bb5+ Nbd7 7. 0-0 a6 8. Be2 e6 9. Nd4 Bg6 10. f4 Bc5 11. Nb3 0-0 12. Nxc5 Nxc5 13. d3 d4 14. b4 Nxd3 15. Bxd3 Bxd3 16. Qxd3 dxc3 17. Qxc3 Rc8 18. Qb3 Qd5 19. Rb1 Rfd8 20. Bb2 Ne4 21. Qxd5 Rxd5 22. Rfc1 Rcd8 23. Bd4 f6 24. Bb6 R8d7 25. h4 h5 26. Rc8+ Kf7 27. Kh2 Rd2 28. Rbc1 Rxa2 29. R1c7 Rad2 30. Bd4 Ke7 31. Rxd7+ Kxd7 32. Rg8 Nf2 33. Rxg7+ Kc6 34. Rh7 Ng4+ 35. Kg3 e5 36. fxe5 fxe5 37. Ba7 Nf6 38. Rh6 Rd6 39. Kh3 Nd5 40. Rxh5 Nxb4 41. Bb8 Rg6 42. g4 Nd3 43. g5 Nf2+ 44. Kg3 Ne4+ 45. Kf3 Kd5 46. Rh8 Nd2+ 47. Ke2 Ne4 48. Rd8+ Nd6 49. h5 Rxg5 50. Rxd6+ Ke4 51. h6 Rg2+ 52. Kf1 Rh2 53. Re6 Kf3 54. Rf6+ Kxe3 55. Bxe5 Rh5 56. Bd6 b5 57. Bb4 Kd3 58. Rxa6 Kc4 59. Bd2 Kd3 60. Rd6+ Kc4 61. Rd7 b4 62. h7 b3 63. Rc7+ Kd3 64. Bc1 1-0

[Event "HUN-chT2 Toth 1415"]
[Site "Hungary"]
[Date "2014.11.30"]
[Round "5.8"]
[White "Blazsik, Zoltan"]
[Black "Kopias, Ferenc"]
[Result "1-0"]
[WhiteElo "1913"]
[BlackElo "1818"]
[PlyCount "53"]
[EventDate "2014.09.07"]
[EventType "team-tourn"]
[EventRounds "11"]
[EventCountry "HUN"]
[SourceTitle "EXT 2016"]
[Source "ChessBase"]
[SourceDate "2015.10.08"]
[SourceVersion "1"]
[SourceVersionDate "2015.10.08"]
[SourceQuality "1"]
[WhiteTeam "Maroczy II"]
[BlackTeam "Mako II"]
[WhiteTeamCountry "HUN"]
[BlackTeamCountry "HUN"]

1. e4 Nf6 2. Nc3 d5 3. e5 Ne4 4. d3 Nxc3 5. bxc3 d4 6. Bd2 Nc6 7. f4 dxc3 8. Bxc3 Nd4 9. Rb1 e6 10. Nf3 Bc5 11. Be2 0-0 12. Nxd4 Bxd4 13. Bxd4 Qxd4 14. Qd2 Qd5 15. 0-0 Qxa2 16. Qc3 c6 17. Rb3 Qa4 18. d4 Rd8 19. Rd1 c5 20. Bb5 Qa2 21. Qxc5 b6 22. Qc3 Qa5 23. Qxa5 bxa5 24. Bc6 Bd7 25. Bxa8 Rxa8 26. Rdb1 Kf8 27. Rb8+ 1-0

[Event "HUN-chT2 Toth 1415"]
[Site "Hungary"]
[Date "2014.09.07"]
[Round "1.11"]
[White "Puha, Peter"]
[Black "Blazsik, Zoltan"]
[Result "0-1"]
[WhiteElo "1946"]
[BlackElo "1913"]
[PlyCount "86"]
[EventDate "2014.09.07"]
[EventType "team-tourn"]
[EventRounds "11"]
[EventCountry "HUN"]
[SourceTitle "EXT 2016"]
[Source "ChessBase"]
[SourceDate "2015.10.08"]
[SourceVersion "1"]
[SourceVersionDate "2015.10.08"]
[SourceQuality "1"]
[WhiteTeam "Karcag"]
[BlackTeam "Maroczy II"]
[WhiteTeamCountry "HUN"]
[BlackTeamCountry "HUN"]

1. e4 e6 2. d4 d5 3. Nd2 Nf6 4. e5 Nfd7 5. Bd3 b6 6. c3 c5 7. Ne2 Nc6 8. 0-0 cxd4 9. cxd4 Be7 10. a3 a5 11. f4 Ba6 12. Bxa6 Rxa6 13. Qa4 Qc8 14. f5 exf5 15. Rxf5 0-0 16. Rf3 Qb7 17. Qb5 Na7 18. Qd3 b5 19. Rh3 h6 20. Nf3 Rc8 21. Nf4 Nf8 22. Bd2 Qd7 23. Re1 Rac6 24. e6 Nxe6 25. Ne5 Nxf4 26. Bxf4 Qe6 27. Qg3 Kf8 28. Nxc6 Qxc6 29. Rc1 Qb6 30. Rxc8+ Nxc8 31. Qc3 Qa6 32. Rh5 b4 33. axb4 axb4 34. Qc7 g5 35. Bd2 Kg8 36. Rh3 Bf6 37. Qc5 Qa1+ 38. Bc1 Nd6 39. Qxd6 Qxc1+ 40. Kf2 Qxb2+ 41. Ke1 Qxg2 42. Rxh6 Qe4+ 43. Kf1 Qf5+ 0-1

[Event "HUN-chT2 Toth 1314"]
[Site "Hungary"]
[Date "2014.04.08"]
[Round "9.7"]
[White "Gombos, Janos"]
[Black "Blazsik, Zoltan"]
[Result "0-1"]
[WhiteElo "2024"]
[BlackElo "1943"]
[PlyCount "107"]
[EventDate "2013.09.08"]
[EventType "team-tourn"]
[EventRounds "11"]
[EventCountry "HUN"]
[SourceTitle "EXT 2016"]
[Source "ChessBase"]
[SourceDate "2015.10.08"]
[SourceVersion "1"]
[SourceVersionDate "2015.10.08"]
[SourceQuality "1"]
[WhiteTeam "Gyula"]
[BlackTeam "Szeged Maroczy II"]
[WhiteTeamCountry "HUN"]
[BlackTeamCountry "HUN"]

1. e4 e6 2. d4 d5 3. Nc3 Bb4 4. e5 c5 5. a3 Bxc3+ 6. bxc3 Ne7 7. Qg4 0-0 8. Bd3 f5 9. exf6 Rxf6 10. Bg5 Rf7 11. Qh4 h6 12. Bd2 Nbc6 13. Nf3 c4 14. Be2 Qd6 15. 0-0 Nf5 16. Qh5 e5 17. Nxe5 Nxe5 18. dxe5 Qxe5 19. Rfe1 Qd6 20. Bf1 Bd7 21. g3 g6 22. Qd1 Raf8 23. Bg2 Bc6 24. Bf4 Qc5 25. Re2 g5 26. Be5 a5 27. Rd2 Rd8 28. Qh5 Qe7 29. Qg6+ Kf8 30. f4 gxf4 31. Bxf4 Rf6 32. Qh5 Qc5+ 33. Kh1 d4 34. Qe2 Re8 35. Qf2 Bxg2+ 36. Kxg2 Qc6+ 37. Kg1 Ne3 38. cxd4 Ng4 39. Qg2 Re4 40. c3 Qe8 41. h3 Rfxf4 42. hxg4 Rxg4 43. Rf1+ Kg8 44. Rdf2 h5 45. Rf8+ Qxf8 46. Rxf8+ Kxf8 47. Qf1+ Ref4 48. Qxc4 Rxg3+ 49. Kh2 Rgg4 50. Qc8+ Kg7 51. Qxb7+ Kg6 52. Qb6+ Kf5 53. Qxa5+ Kg6 54. Qb6+ 0-1

[Event "HUN-chT2 Toth 1314"]
[Site "Hungary"]
[Date "2013.11.03"]
[Round "4.6"]
[White "Blazsik, Zoltan"]
[Black "Zsiros, Laszlo"]
[Result "0-1"]
[WhiteElo "1943"]
[BlackElo "1875"]
[PlyCount "94"]
[EventDate "2013.09.08"]
[EventType "team-tourn"]
[EventRounds "11"]
[EventCountry "HUN"]
[SourceTitle "EXT 2016"]
[Source "ChessBase"]
[SourceDate "2015.10.08"]
[SourceVersion "1"]
[SourceVersionDate "2015.10.08"]
[SourceQuality "1"]
[WhiteTeam "Szeged Maroczy II"]
[BlackTeam "Kecskemet Takisz"]
[WhiteTeamCountry "HUN"]
[BlackTeamCountry "HUN"]

1. Nf3 c6 2. d4 d5 3. b3 Bf5 4. e3 e6 5. Be2 Bd6 6. 0-0 Nd7 7. c4 b6 8. Ba3 Bxa3 9. Nxa3 Ngf6 10. cxd5 exd5 11. Rc1 Qe7 12. Nc2 0-0 13. Ba6 Rad8 14. a4 Bg4 15. h3 Bh5 16. Be2 Ne4 17. Nce1 Rc8 18. Nd3 Bxf3 19. Bxf3 f5 20. b4 a6 21. Rc2 Qd6 22. Qb1 Rc7 23. Rfc1 Rfc8 24. Qb3 Kf8 25. Be2 c5 26. bxc5 bxc5 27. Qa3 c4 28. Qxd6+ Nxd6 29. Nf4 Nf6 30. Ne6+ Ke7 31. Nxc7 Rxc7 32. Rb2 Nd7 33. f3 Rc8 34. g3 a5 35. Rcb1 Kd8 36. Bd1 Kc7 37. Bc2 g6 38. g4 Nb8 39. gxf5 gxf5 40. Bxf5 Nxf5 41. Rb7+ Kd6 42. Rxb8 Rxb8 43. Rxb8 Nxe3 44. Rb6+ Kc7 45. Rb5 Kd6 46. Rxa5 c3 47. Rc5 Nc4 0-1

[Event "HUN-chT2 Maroczy 1314"]
[Site "Hungary"]
[Date "2013.09.08"]
[Round "1"]
[White "Blazsik, Zoltan"]
[Black "Tanacs, Anna"]
[Result "1/2-1/2"]
[WhiteElo "1943"]
[BlackElo "2063"]
[PlyCount "23"]
[EventDate "2013.09.08"]
[EventType "team-tourn"]
[EventRounds "11"]
[EventCountry "HUN"]
[SourceTitle "EXT 2016"]
[Source "ChessBase"]
[SourceDate "2015.10.08"]
[SourceVersion "1"]
[SourceVersionDate "2015.10.08"]
[SourceQuality "1"]
[WhiteTeam "Szeged Maroczy"]
[BlackTeam "Toth Laszlo"]
[WhiteTeamCountry "HUN"]
[BlackTeamCountry "HUN"]

1. d4 Nf6 2. c4 e6 3. Nf3 d5 4. e3 Bb4+ 5. Bd2 Be7 6. Nc3 0-0 7. Bd3 dxc4 8. Bxc4 b6 9. 0-0 Bb7 10. Re1 c5 11. Be2 Nbd7 12. Qa4 1/2-1/2

[Event "HUN-chT2 Toth 1213"]
[Site "Hungary"]
[Date "2013.02.17"]
[Round "7.7"]
[White "Lorincz, Sandor"]
[Black "Blazsik, Zoltan"]
[Result "1-0"]
[WhiteElo "2200"]
[BlackElo "1978"]
[PlyCount "77"]
[EventDate "2012.09.16"]
[EventType "team-tourn"]
[EventRounds "11"]
[EventCountry "HUN"]
[SourceTitle "EXT 2014"]
[Source "ChessBase"]
[SourceDate "2013.11.20"]
[SourceVersion "1"]
[SourceVersionDate "2013.11.20"]
[SourceQuality "1"]
[WhiteTeam "Toth Laszlo II"]
[BlackTeam "Maroczy II"]
[WhiteTeamCountry "HUN"]
[BlackTeamCountry "HUN"]

1. d4 Nf6 2. Nf3 e6 3. Bf4 b6 4. e3 Bb7 5. h3 d6 6. Be2 Be7 7. 0-0 Nbd7 8. a4 a6 9. c3 0-0 10. Nbd2 c5 11. Qb1 Qc7 12. Rd1 e5 13. dxe5 dxe5 14. Bh2 Qc6 15. Nc4 e4 16. Nfe5 Nxe5 17. Nxe5 Qe8 18. Qa2 b5 19. Qb3 Bc8 20. axb5 Be6 21. Qc2 axb5 22. Rxa8 Qxa8 23. Bxb5 Rd8 24. Nc6 Rxd1+ 25. Qxd1 Bf8 26. Bd6 Bd5 27. Ne7+ Bxe7 28. Bxe7 Qb7 29. Bxf6 Qxb5 30. Qxd5 gxf6 31. b4 Qd3 32. Qxc5 Qd1+ 33. Kh2 Qe1 34. Kg3 Kg7 35. b5 Kg6 36. b6 f5 37. b7 f4+ 38. exf4 e3 39. Qg5# 1-0

[Event "HUN-chT2 Toth 1112"]
[Site "Hungary"]
[Date "2012.03.11"]
[Round "7.8"]
[White "Pal, Imre"]
[Black "Blazsik, Zoltan"]
[Result "1/2-1/2"]
[WhiteElo "2155"]
[BlackElo "1983"]
[PlyCount "22"]
[EventDate "2011.09.25"]
[EventType "team-tourn"]
[EventRounds "11"]
[EventCountry "HUN"]
[SourceTitle "EXT 2013"]
[Source "ChessBase"]
[SourceDate "2012.11.22"]
[SourceVersion "1"]
[SourceVersionDate "2012.11.22"]
[SourceQuality "1"]
[WhiteTeam "Toth Laszlo"]
[BlackTeam "Maroczy II"]
[WhiteTeamCountry "HUN"]
[BlackTeamCountry "HUN"]

1. e4 e6 2. d4 d5 3. Nc3 Bb4 4. e5 c5 5. Bd2 a6 6. a3 Bxc3 7. bxc3 Ne7 8. Nf3 Nbc6 9. Bd3 c4 10. Be2 Bd7 11. 0-0 Ng6 1/2-1/2